Statistics for U.S. State Capitals That are Two or More Words

Click here to take the quiz!

General Stats

  • This quiz has been taken 75 times
  • The average score is 7 of 9

Answer Stats

PopulationCapital% Correct
227,714Baton Rouge
98%
638,367Oklahoma City
98%
54,521Carson City
93%
215,472Des Moines
85%
43,013Jefferson City
76%
193,744Salt Lake City
76%
83,875Santa Fe
76%
198,541Little Rock
75%
302,398Saint Paul
67%

Score Distribution

Percentile by Number Answered

Percent of People with Each Score

Your Score History

You have not taken this quiz